00610nam a22001817a 450000500170000002000220001703500130003903700130005210000300006524500620009525000130015726000450017030000270021570000330024294200220027599900170029795201140031420120505133941.0 a0070546851c00.00 aA-346441 aDPLbENG aSamuelson, Paul A.946504 aEconomics /cby Paul A. Samuelson and William D. Nordhaus a12th ed. aNew YorkbMcGraw-Hill Book Companyc1985 axxxiii, 950p.c26 cms. aNordhaus, William D. 946505 2ddccENh330mSAM c66230d66230 001040708NFICaZLSbZLSd2012-05-05g0.00l0o330 SAMpA-346441r2012-05-05 00:00:00v0.00w2012-05-05yEN